| 000 | 00831nam a2200289 a 4500 | ||
|---|---|---|---|
| 001 | 000044544 | ||
| 003 | DO-SdBNP | ||
| 005 | 20250203102111.0 | ||
| 007 | ta | ||
| 008 | 140711s2013 dr a 000 j spa d | ||
| 020 | _a9789945583434 | ||
| 040 |
_aDO-SdBNP _bspa _cBNPHU _erda |
||
| 041 | _hspa | ||
| 082 |
_aRD863.44 _bT266d _222 |
||
| 100 | 1 |
_aTejeda Read, Ramón _eautor _926904 |
|
| 245 | 1 | 0 |
_aDelivery / _cRamón Tejeda Read. |
| 264 |
_aSanto Domingo : _bSantuario, _c2013. |
||
| 300 |
_a97 páginas ; _c20 cm. |
||
| 336 |
_ardacontent _btexto _2txt |
||
| 337 |
_ardamedia _bsin mediación _2n |
||
| 338 |
_ardacarrier _bvolumen _2nc |
||
| 590 | _aInventariado, 2020/MFF | ||
| 650 | 0 |
_aCuentos dominicanos _9176 |
|
| 650 | 0 |
_aLiteratura dominicana. _967 |
|
| 910 | _aValidado. Control de calidad MFF | ||
| 942 |
_2ddc _cLBS1 |
||
| 999 |
_c44033 _d44033 |
||